000 02691cam a2200313 i 4500
001 10468949
003 CaAEU
005 20250828104302.0
008 230621t20232023fr 000 f fre d
020 _a9782246834670
_q(paperback)
035 _aon1395541770
040 _aAUXAM
_beng
_erda
_cAUXAM
_dVA@
_dIND
_dOCLCO
_dPUL
_dEEM
_dOCLCO
_dAEU
041 _aFrench
050 4 _aPQ2663.H2615
_bE67 2023
100 _aChalandon, Sorj,
_eauthor.
_925831
245 1 2 _aL'enragé
_b: roman
_c/ Sorj Chalandon.
250 _aFirst edition
264 1 _aParis :
_bBernard Grasset,
_c2023.
264 4 _c©2023
300 _a403 pages ;
_c21 cm
500 _aNovel.
520 _aJe n'ai pas le droit aux sentiments. Les sentiments c'est un océan, tu t'y noies. Pour survivre ici, il faut être en granit. Pas une plainte, pas une larme, pas un cri et aucun regret. Même lorsque tu as peur, même lorsque tu as faim, même lorsque tu as froid, même au seuil de la nuit cellulaire, lorsque l'obscurité dessine le souvenir de ta mère dans un recoin. Rester droit, sec, nuque raide. N'avoir que des poings au bout de tes bras. Tant pis pour les coups, les punitions, les insultes. S'évader les yeux ouverts et marcher victorieux dans le sang des autres, mon tapis rouge. Toujours préférer le loup à l'agneau." Dans la nuit du 27 août 1934, cinquante-six gamins se révoltent et s'échappent de la colonie pénitentiaire pour mineurs de Belle-île-en-Mer. La chasse aux enfants est ouverte. Tous sont capturés. Tous ? Non : aux premières lueurs de l'aube, un évadé manque à l'appel. Voici son histoire ... --Page 4 of cover.
520 _a"I am not allowed feelings. Feelings are an ocean—you drown in them. To survive here, you must be granite. No complaint, no tear, no cry, and never any regret. Even when you are afraid, even when you are hungry, even when you are cold, even on the threshold of the cell’s night, when the darkness sketches your mother’s memory in a corner. Stand tall, dry, with a stiff neck. Let your arms end only in fists. Never mind the blows, the punishments, the insults. Escape with eyes wide open and walk triumphant on the blood of others—my red carpet. Always choose the wolf over the lamb." On the night of 27 August 1934, fifty-six boys rose up and escaped from the juvenile penal colony of Belle-Île-en-Mer. The manhunt was launched. All were recaptured. All? No: at the first light of dawn, one escapee was missing. This is his story...
650 0 _aFrench fiction
_vFiction
_zFrance
650 0 _aJuvenile delinquents
_925834
650 0 _aPrisoners
_vFiction
_zFrance
651 0 _aBelle-Île-en-Mer
_vFiction
_zFrance
942 _2lcc
999 _c4898
_d4898